书目信息 |
| 题名: |
现代分子生物学
|
|
| 作者: | 朱玉贤 , 李毅 编著 | |
| 分册: | ||
| 出版信息: | 北京 高等教育出版社 2007.11 |
|
| 页数: | 476页 | |
| 开本: | 26cm | |
| 丛书名: | ||
| 单 册: | ||
| 中图分类: | Q7 | |
| 科图分类: | ||
| 主题词: | 分子生物学 | |
| 电子资源: | ||
| ISBN: | 978-7-04-022214-2 | |
| 000 | 00597nam0 2200205 45 | |
| 001 | 1439031305 | |
| 005 | 20181217103828.68 | |
| 010 | @a978-7-04-022214-2@dCNY53.00 | |
| 100 | @a20020610d2007 km y0chiy0120 ea | |
| 101 | 0 | @achi |
| 102 | @aCN@b110000 | |
| 200 | 1 | @a现代分子生物学@Axian dai fen zi sheng wu xue@f朱玉贤,李毅编著@Fzhu yu xian,li yi bian zhu |
| 210 | @a北京@c高等教育出版社@d2007.11 | |
| 215 | @a476页@d26cm | |
| 606 | 0 | @a分子生物学 |
| 690 | @aQ7@v3 | |
| 701 | 0 | @a朱玉贤@Azhu yu xian@4编著 |
| 701 | 0 | @a李毅@Ali yi@4编著 |
| 801 | 0 | @aCN@bPFT@c20020610 |
| 905 | @a安徽大学@dQ7@eZ897 | |
| 现代分子生物学/朱玉贤,李毅编著.-北京:高等教育出版社,2007.11 |
| 476页;26cm |
| ISBN 978-7-04-022214-2:CNY53.00 |
| ● |
| 相关链接 |
|
|
|
正题名:现代分子生物学
索取号:Q7/Z897
 
预约/预借
| 序号 | 登录号 | 条形码 | 馆藏地/架位号 | 状态 | 备注 |
| 1 | 1301198 | 213011989 | 自科库401/401自科库 30排4列3层/ [索取号:Q7/Z897] | 在馆 | |
| 2 | 493791 | 204937916 | 自科库401/401自科库 30排4列3层/ [索取号:Q7/Z897] | 在馆 |